Fit as a fiddle /

Gespeichert in:
Bibliographische Detailangaben
1. Verfasser: McKeever, Jeani
Format: Buch
Sprache:Englisch
Veröffentlicht: Oregon : Omega Publications, c1988.
Schlagworte:
Tags: Tag hinzufügen
Keine Tags, Fügen Sie das erste Tag hinzu!

MARC

LEADER 00000cam a22000002a 4500
001 0000007265
003 DAYSTAR
005 20171002014449.0
008 030703s1988 oru 001 0 eng d
020 |a 086694110X 
040 |a Daystar 
040 |d Bedgar 
050 0 0 |a RA776  |b .M36 
100 1 |a McKeever, Jeani. 
245 1 0 |a Fit as a fiddle /  |c Jeani McKeever. 
260 |a Oregon :  |b Omega Publications,  |c c1988. 
300 |a 92 p. 
650 0 |a Health. 
908 |a 060412 
942 |c BK 
999 |c 1700  |d 1700